• 首页
  • 本馆介绍
  • 公告通知
  • 最新文献
  • 馆藏检索
  • 电子资源
  • 读者导购
  • 参考咨询
  • 我的图书馆
  • 登录
  • 详细信息显示
  • 放入我的书架
  • 预约/预借图书
  • 作者相关作品
  • 分类相关作品
  • 丛书相关作品
  • 出版社相关作品

书目信息

  • 表格格式
  • 工作单格式
  • 卡片格式
题名:
古典主义
    
 
作者: 塞克里坦 著 ;艾晓明 译
分册:  
出版信息: 北京   昆仑出版社  1989.3
页数: 119页
开本: 19厘米
丛书名: 文学批评术语丛书
单 册:
中图分类: I0
科图分类: 42.2039
主题词: 文学理论
电子资源:
ISBN: 7-80040-135-9
000 00925nam2 2200313 45
001 0189010826
005 20040425130844.2
010    @a7-80040-135-9@dCNY1.75
020    @aCN@b89010826
100    @a19910105d1989 m y0chiy0120 ea
101 1  @achi@ceng
102    @aCN@b110000
105    @ay z 000yy
106    @ar
200 10 @a古典主义@Agu dian zhu yi@f( )塞克里坦著@F( ) sai ke li tan zhu@g艾晓明译
210    @a北京@c昆仑出版社@d1989.3
215    @a119页@d19厘米
225 2  @a文学批评术语丛书
300    @a著者原题:多米尼克·塞克里坦
330    @a本书对古典主义这一文学潮流的思想渊源和文学表现进行了综合研究。
410  0 @120010@a文学批评术语丛书
540 1  @a古典主义@Agu dian zhu yi
606 0  @a文学理论
690    @aI0
692    @a42.2039@v1974
701  0 @a塞克里坦@Asai ke li tan@4著
702  0 @a艾晓明@Aai xiao ming@4译
801  0 @aCN@bNLC@c19910105
905    @f1@b220755@dI0@e139
    
    古典主义/( )塞克里坦著/艾晓明译.-北京:昆仑出版社,1989.3
    119页;19厘米.-(文学批评术语丛书)
    著者原题:多米尼克·塞克里坦
    
    ISBN 7-80040-135-9:CNY1.75
    本书对古典主义这一文学潮流的思想渊源和文学表现进行了综合研究。
●
相关链接 在E读中查询图书 在五车中查询图书 在当当中查询图书 在豆瓣中查询图书


正题名:古典主义     索取号:I0/139         预约/预借

序号 登录号 条形码 馆藏地/架位号 状态 备注
1 0220755   000902303   第二借阅区/ [索取号:I0/139] 在馆    
2 0220756   202435597   第一样本阅览室/ [索取号:I0/139] 在馆    
唐山师范学院图书馆 欢迎您!
大连网信软件有限公司© 版权所有